Species and population differences in social recognition between fishes : A role for ecology ? /
Đã lưu trong:
| Andre forfattere: | , , , , |
|---|---|
| Format: | Bài viết |
| Sprog: | English |
| Fag: | |
| Tags: |
Tilføj Tag
Ingen Tags, Vær først til at tagge denne postø!
|
| Thư viện lưu trữ: | Thư viện Trường Đại học Đà Lạt |
|---|
| LEADER | 00985nam a2200337 4500 | ||
|---|---|---|---|
| 001 | DLU090097914 | ||
| 005 | ##20091201 | ||
| 040 | # | # | |a DLU |b eng |
| 041 | # | # | |a eng |
| 044 | # | # | |a uk |
| 245 | # | # | |a Species and population differences in social recognition between fishes : A role for ecology ? / |c A. J. W. Ward ... [et al.]. |
| 653 | # | # | |a Chemosensory |
| 653 | # | # | |a Fission-fusion |
| 653 | # | # | |a Ocial recognition |
| 653 | # | # | |a Shoaling |
| 653 | # | # | |a Social organization |
| 700 | # | # | |a Currie, S. |
| 700 | # | # | |a Krause, J. |
| 700 | # | # | |a Magurran, A. E. |
| 700 | # | # | |a Ward, A. J. W. |
| 700 | # | # | |a Webster, M. M. |
| 773 | # | # | |t Behavioral ecology |g Vol. 20, no. 3 (May-June 2009), p. 511-516 |
| 920 | # | # | |a Phòng Tạp chí -- Trung tâm Thông tin - Thư viện Trường Đại học Đà Lạt |
| 994 | # | # | |a DLU |
| 900 | # | # | |a True |
| 911 | # | # | |a Trương Bảo Trâm Anh |
| 925 | # | # | |a G |
| 926 | # | # | |a A |
| 927 | # | # | |a BB |
| 980 | # | # | |a Thư viện Trường Đại học Đà Lạt |